<?xml version="1.0" encoding="UTF-8"?>
<record
    xmlns:xsi="http://www.w3.org/2001/XMLSchema-instance"
    xsi:schemaLocation="http://www.loc.gov/MARC21/slim http://www.loc.gov/standards/marcxml/schema/MARC21slim.xsd"
    xmlns="http://www.loc.gov/MARC21/slim">

  <leader>00692nam a22002177a 4500</leader>
  <controlfield tag="005">20150625121617.0</controlfield>
  <controlfield tag="008">140714b        xxu||||| |||| 00| 0 Urdu d</controlfield>
  <datafield tag="010" ind1=" " ind2=" ">
    <subfield code="a">UR-9106</subfield>
  </datafield>
  <datafield tag="020" ind1=" " ind2=" ">
    <subfield code="c">200.00</subfield>
  </datafield>
  <datafield tag="035" ind1=" " ind2=" ">
    <subfield code="a">U-7661</subfield>
  </datafield>
  <datafield tag="037" ind1=" " ind2=" ">
    <subfield code="b">DBAD</subfield>
  </datafield>
  <datafield tag="040" ind1=" " ind2=" ">
    <subfield code="a">DPL</subfield>
    <subfield code="b">Urdu</subfield>
  </datafield>
  <datafield tag="082" ind1=" " ind2=" ">
    <subfield code="a">841</subfield>
  </datafield>
  <datafield tag="100" ind1=" " ind2=" ">
    <subfield code="a">&#x62F; &#x64A;&#x648; &#x62F; &#x627; &#x633; &#x628;&#x633;&#x645;&#x644;</subfield>
  </datafield>
  <datafield tag="245" ind1=" " ind2=" ">
    <subfield code="a">&#x6AF;&#x644; &#x6AF;&#x644;&#x634;&#x646; &#x6AF;&#x644;&#x641;&#x627; &#x645;</subfield>
    <subfield code="c">&#x62F; &#x64A;&#x648; &#x62F; &#x627; &#x633; &#x628;&#x633;&#x645;&#x644;</subfield>
  </datafield>
  <datafield tag="246" ind1=" " ind2="h">
    <subfield code="a">Gul Gulshan Gulfaam</subfield>
    <subfield code="b">By Dev Dass Bismil</subfield>
  </datafield>
  <datafield tag="260" ind1=" " ind2=" ">
    <subfield code="b">Asbaque Publications</subfield>
    <subfield code="c">2012</subfield>
    <subfield code="a">Poona</subfield>
  </datafield>
  <datafield tag="270" ind1=" " ind2=" ">
    <subfield code="a">Saira Manzil,230/102,Viman Darshan,Sanjay Park,Loh Gaon Rd.</subfield>
    <subfield code="b">Poona</subfield>
    <subfield code="k">807-5775641</subfield>
    <subfield code="e">411032</subfield>
  </datafield>
  <datafield tag="300" ind1=" " ind2=" ">
    <subfield code="a">252&#x635;</subfield>
    <subfield code="c">22Cm (Hb)</subfield>
  </datafield>
  <datafield tag="942" ind1=" " ind2=" ">
    <subfield code="2">ddc</subfield>
    <subfield code="c">UR</subfield>
    <subfield code="e"> </subfield>
    <subfield code="h">841</subfield>
    <subfield code="m">&#x628; &#x633; &#x645;</subfield>
  </datafield>
  <datafield tag="999" ind1=" " ind2=" ">
    <subfield code="c">94502</subfield>
    <subfield code="d">94502</subfield>
  </datafield>
  <datafield tag="952" ind1=" " ind2=" ">
    <subfield code="0">0</subfield>
    <subfield code="1">0</subfield>
    <subfield code="2">ddc</subfield>
    <subfield code="4">0</subfield>
    <subfield code="7">1</subfield>
    <subfield code="8">NFIC</subfield>
    <subfield code="a">DBAD</subfield>
    <subfield code="b">DBAD</subfield>
    <subfield code="d">2015-06-25</subfield>
    <subfield code="e">DBAD/Pub.</subfield>
    <subfield code="g">200.00</subfield>
    <subfield code="l">0</subfield>
    <subfield code="o">841 &#x628; &#x633; &#x645;</subfield>
    <subfield code="p">U-7661</subfield>
    <subfield code="r">2015-06-25 00:00:00</subfield>
    <subfield code="t">1</subfield>
    <subfield code="v">200.00</subfield>
    <subfield code="w">2015-06-25</subfield>
    <subfield code="y">UR</subfield>
  </datafield>
</record>
